Medi ambient : actuacions i projectes actuacions i projectes
Descripción Física:
28 fulls solts en una carpeta ; 32 cm
Materias:
Medi Ambient -- Barcelona (Província)
MARC
| LEADER | 00000nam a2200000Ia 4500 | ||
|---|---|---|---|
| 001 | 18093 | ||
| 008 | 160829s9999 xx 000 0 cat d | ||
| 080 | |a FU-49-55 | ||
| 245 | |a Medi ambient : |b actuacions i projectes | ||
| 260 | |a Barcelona : |b Diputació de Barcelona. Àrea de Medi Ambient, [1999?] | ||
| 300 | |a 28 fulls solts en una carpeta ; |c 32 cm | ||
| 650 | |a Medi Ambient |x Barcelona (Província) |9 41299 | ||
| 710 | |a Barcelona (Catalunya : Província). |b Àrea de Medi Ambient |9 52987 | ||
| 901 | |a Arxiu | ||
| 942 | |n 1 | ||
| 952 | |0 0 |1 0 |4 0 |6 FU4955 |7 1 |9 42080 |a Arxiu |b Arxiu |d 2016-12-01 |l 0 |o FU-49-55 |p 18093 |r 2016-12-01 00:00:00 |w 2016-12-01 |y ARXIU | ||
| 999 | |c 44527 |d 44527 | ||